| 000 | 00513nam a2200145Ia 4500 | ||
|---|---|---|---|
| 008 | 170221s9999 xx 000 0 und d | ||
| 100 | _aAnatoly Alekseevich Moskalenko | ||
| 245 | _aImprovement of Work with Personnel as a Factor of Increasing Business Efficiency | ||
| 245 | _cAnatoly Alekseevich Moskalenko | ||
| 260 | _bInternational Review of Management and Marketing | ||
| 260 | _cJune 2014 | ||
| 300 | _a6:1 | ||
| 650 | _xMarketing. | ||
| 856 | _uhttp://www.econjournals.com/index.php/irmm/issue/view/88 | ||
| 999 |
_c310191 _d310191 |
||